South Eastern Kenya University

Library Online Public Access Catalogue


Adobe illustrator 10 : (Record no. 5744)

MARC details
000 -LEADER
fixed length control field 00532nam a22001817a 4500
003 - CONTROL NUMBER IDENTIFIER
control field OSt
005 - DATE AND TIME OF LATEST TRANSACTION
control field 20150713145654.0
008 - FIXED-LENGTH DATA ELEMENTS--GENERAL INFORMATION
fixed length control field 150713b xxu||||| |||| 00| 0 eng d
020 ## - INTERNATIONAL STANDARD BOOK NUMBER
International Standard Book Number 013048704X
040 ## - CATALOGING SOURCE
Original cataloging agency SEKU
050 ## - LIBRARY OF CONGRESS CALL NUMBER
Classification number T 385
Item number .A4
245 ## - TITLE STATEMENT
Title Adobe illustrator 10 :
Remainder of title introduction to digital illustration/against the clock.
260 ## - PUBLICATION, DISTRIBUTION, ETC. (IMPRINT)
Place of publication, distribution, etc. Upper Saddle River, NJ :
Name of publisher, distributor, etc. Prentice Hall,
Date of publication, distribution, etc. c2003.
300 ## - PHYSICAL DESCRIPTION
Extent 328 p. :
Other physical details ill.
650 ## - SUBJECT ADDED ENTRY--TOPICAL TERM
Topical term or geographic name as entry element Computer graphics
650 ## - SUBJECT ADDED ENTRY--TOPICAL TERM
Topical term or geographic name as entry element Adobe illustrator (computer file)
942 ## - ADDED ENTRY ELEMENTS (KOHA)
Source of classification or shelving scheme Library of Congress Classification
Koha item type General circulation
Holdings
Withdrawn status Lost status Source of classification or shelving scheme Damaged status Not for loan Home library Current library Shelving location Date acquired Source of acquisition Total Checkouts Full call number Barcode Date last seen Price effective from Koha item type
    Library of Congress Classification     Main Campus Library Main Campus Library General Stacks 13/07/2015 Donation-Books for Africa   T 385 .A4 2015/003103 13/07/2015 13/07/2015 General circulation
Kitui, Kenya.
+254736116989
library@seku.ac.ke